000 00783nam a2200229 i 4500
001 88925
003 ES-MaACL
005 20230906175955.0
007 t|
008 041228s1993 be ||||1| fre d
020 _a90-6988-053-9
080 _a930.85(=821.16)(083.824)
245 0 0 _aMétropoles mayas
_b: Bruxelles, Musées Royaux d'Art et d'Histoire, 24 septembre - 24 décembre 1993.
260 _a[Bruxelles] :
_bFondation Europalia,
_c[1993]
300 _a128 p. :
_bil. ;
_c27 cm.
650 4 _aMayas-
_xCivilización-
_vExposiciones.
_9211094
655 7 _2tgfbne
_9193628
_aCatálogos de exposiciones
710 2 _aMusées royaux d'art et d'histoire (Bruselas)
_9139873
852 _aES-MaACL
_jE-10769
_bR.134947
942 _2udc
999 _c88925
_d88925